| 000 | 00491nmm a2200157Ia 4500 | ||
|---|---|---|---|
| 008 | 251105s9999||||xx |||||||||||||||||und|| | ||
| 020 | _a9789562848275 | ||
| 041 | _afre | ||
| 100 | _aPeña Muñoz, Manuel | ||
| 245 | 0 | _aValparaíso. La ville de mes fantômes. Mémoires, 1951-1971 | |
| 264 |
_a[Santiago de Chile, Chile] : _bRil editores, _c2012 |
||
| 300 | _a400 páginas | ||
| 650 | _aLatin American narrative | ||
| 856 | _uhttps://public.digitaliapublishing.com/a/19152 | ||
| 942 | _cCF | ||
| 999 |
_c94533 _d94533 |
||